Statistics for Countries, US States, Capitals, Elements, 100 Most Common Words: A + x = B + C #5

Click here to take the quiz!

General Stats

  • This quiz has been taken 48 times
  • The average score is 27 of 40

Answer Stats

ANSWER% Correct
k
93%
lesOThO
93%
m
93%
rOmanIa
93%
arMenIa
86%
q
86%
irAn
79%
irAn
79%
iraN
79%
iRaq
79%
VienTiane
79%
y
79%
omAn
76%
Oman
76%
osLo
76%
tIme
76%
domInICa
72%
s
72%
Vienna
72%
honIara
69%
n
69%
thEy
69%
mAke
66%
mAli
62%
doHa
59%
e
59%
l
59%
pRomeThium
59%
san marInO
59%
aMeriCiuM
52%
ceriuM
52%
h
52%
D
48%
Rome
48%
sanTo doMingo
48%
cOme
45%
inDia
45%
thimPhu
34%
Togo
34%
madiSon
24%

Score Distribution

Percentile by Number Answered

Percent of People with Each Score

Your Score History

You have not taken this quiz